banner koha

Aspectos técnicos da produção de pellets de madeira (Registro n. 299232)

MARC details
000 -LÍDER
fixed length control field 02771nab a2200313 i 4500
003 - CÓDIGO MARC DA AGÊNCIA CATALOGADORA
Campo de controle BR-BrBNA
005 - DATA E HORA DA ÚLTIMA ATUALIZAÇÃO
Campo de controle 20240418161654.0
008 - CAMPO DE TAMANHO FIXO
fixed length control field 240418b2019 bl.qr|pooa||| 00| 0 por |
040 ## - FONTE DA CATALOGAÇÃO
Agência catalogadora BR-BrBNA
Idioma da catalogação por
072 ## - CATEGORIA AGRIS
Código AGRIS P06
100 ## - ENTRADA PRINCIPAL - NOME PESSOAL
Nome pessoal Quéno, Laurent Roger Marie
100 ## - ENTRADA PRINCIPAL - NOME PESSOAL
Nome pessoal Souza, Álvaro Nogueira de
100 ## - ENTRADA PRINCIPAL - NOME PESSOAL
Nome pessoal Costa, Alexandre Florian da
100 ## - ENTRADA PRINCIPAL - NOME PESSOAL
Nome pessoal Vale, Ailton Teixeira do
100 ## - ENTRADA PRINCIPAL - NOME PESSOAL
Nome pessoal Joaquim, Maísa Santos
245 ## - TÍTULO PRINCIPAL
Título principal Aspectos técnicos da produção de pellets de madeira
500 ## - NOTA GERAL
Nota geral Publicação on-line; Bibliography p. 1485-1489 (62 ref.); 1 illus.; Summaries (En, Pt)
942 ## - ADDED ENTRY ELEMENTS (KOHA)
Koha item type
520 ## - NOTA DE RESUMO
Nota de conteúdo <br/><br/>Resumo<br/><br/>A evolução da política energética dos países desenvolvidos, associada à procura por fontes renováveis<br/>como a biomassa florestal, impulsionou, desde o início dos anos 2000, o crescimento da produção de<br/>pellets de madeira no mundo. O mercado de pellets tornou-se exigente em qualidade e deve lidar com a<br/>concorrência de outras fontes de energia, requerendo dos produtores um controle rigoroso de custo bem<br/>como um bom domínio técnico da produção. Dessa forma, realizou-se uma revisão bibliográfica sobre os<br/>aspectos técnicos da produção de pellets e as possibilidades e as exigências do mercado para que o Brasil<br/>possa aproveitar as oportunidades e valorizar o seu potencial florestal.<br/><br/>Palavras-chave: Mercado de biomassa; Biocombustíveis; Torrefação
520 ## - NOTA DE RESUMO
Nota de conteúdo <br/><br/>Abstract<br/><br/>The evolution of the energy policy of developed countries, coupled with the demand for renewable sources<br/>such as forest biomass, has boosted the growth of wood pellets throughout the world since the early<br/>2000s. The pellet market has become a demanding quality brand and must deal with competition from<br/>other energy sources, requiring producers to a strict control of costs as well as good technical expertise<br/>of production. Thus, a literature review was carried out on the technical aspects of pellet production and<br/>the possibilities and requirements of the market so that Brazil could seize opportunities and enhance its<br/>forest potential.<br/><br/>Keywords: Biomass market; Biofuels; Torrefaction
650 ## - ASSUNTO - THESAGRO
Cabeçalho tópico ou nome geográfico BIOMASSA
650 ## - ASSUNTO - THESAGRO
Cabeçalho tópico ou nome geográfico BIOCOMBUSTÍVEL
650 ## - ASSUNTO - THESAGRO
Cabeçalho tópico ou nome geográfico TORREFAÇÃO
650 ## - ASSUNTO - THESAGRO
Cabeçalho tópico ou nome geográfico PELLET
650 ## - ASSUNTO - THESAGRO
Cabeçalho tópico ou nome geográfico MADEIRA
773 0# - ENTRADA ANALÍTICA
Host Biblionumber 4065
Registro do item 314151
Imprenta Santa Maria-RS Universidade Federal de Santa Maria - Centro de Pesquisas Florestais.Departamento de Ciências Florestais. Programa de Pós-Graduação em Engenharia Florestal 1991
Outro identificador 2024-0405
Título Ciência Florestal (Brazil)
ISSN 0103-9954; 1980-5098 (on-line)
Colação v. 29(3) p. 1478-1489; (Jul-Sep 2019)
Número de controle de registro BR2023001696
856 ## - ACESSO E ENDEREÇO ELETRÔNICO
Identificador uniforme de recurso - URI https://www.scielo.br/j/cflo/a/FqqcJTqbMxYrZyxgT893vbL/?format=pdf&lang=pt

Nenhum exemplar disponível.

BINAGRI

Telefone: (61)3218-2567/2388/3357/2097 - binagri@agro.gov.br

Ministério da Agricultura e Pecuária , Esplanada dos Ministérios, Bloco D, Anexo B, Brasília/DF, CEP: 70.043-900